<?xml version="1.0" encoding="UTF-8"?>
<marc:record xmlns:marc="http://www.loc.gov/MARC21/slim">
   <marc:leader>00000nam a2200000 a 4500</marc:leader>
   <marc:datafield ind1="1" ind2=" " tag="100">
      <marc:subfield code="a">Baier, Hiltrud</marc:subfield>
      <marc:subfield code="4">aut</marc:subfield>
      <marc:subfield code="e">Verfasser/-in</marc:subfield>
   </marc:datafield>
   <marc:datafield ind1="0" ind2="0" tag="245">
      <marc:subfield code="a">Helle Tage, helle Nächte</marc:subfield>
   </marc:datafield>
   <marc:datafield ind1="0" ind2="0" tag="245">
      <marc:subfield code="b">Roman</marc:subfield>
   </marc:datafield>
   <marc:datafield ind1="0" ind2="0" tag="245">
      <marc:subfield code="c">Hiltrud Baier</marc:subfield>
   </marc:datafield>
   <marc:datafield ind1=" " ind2="1" tag="264">
      <marc:subfield code="a">Frankfurt am Main</marc:subfield>
      <marc:subfield code="b">Fischer Taschenbuch</marc:subfield>
      <marc:subfield code="c">2020</marc:subfield>
   </marc:datafield>
   <marc:datafield ind1=" " ind2=" " tag="250">
      <marc:subfield code="a">2. Auflage</marc:subfield>
   </marc:datafield>
   <marc:datafield ind1="1" ind2=" " tag="520">
      <marc:subfield code="a">Zwei ungleiche Frauen, eine alles für immer verändernde Entscheidung und die große Weite der Natur. Ein besonderes Leseerlebnis von Bestsellerautorin Hiltrud Baier &lt;br/&gt;&lt;br/&gt; &lt;br/&gt;&lt;br/&gt;Die Kirschbäume blühen, als Anna Albinger in ihrem Haus am Fuß der Schwäbischen Alb einen Entschluss fasst: Sie möchte die größte Lüge ihres Lebens nicht länger verheimlichen. Schweren Herzens schreibt sie einen langen Brief, den ihre Nichte Frederike für sie nach Lappland bringen soll. &lt;br/&gt;&lt;br/&gt;Doch als Frederike im menschenleeren Norden ankommt, scheint der Mann, an den Annas Brief adressiert ist, verschwunden zu sein. Allein auf sich gestellt in der stillen Bergwelt Lapplands merkt Frederike, dass man manchmal auch am falschen Ort das Richtige finden kann.</marc:subfield>
   </marc:datafield>
   <marc:datafield ind1=" " ind2=" " tag="020">
      <marc:subfield code="a">9783596298549</marc:subfield>
      <marc:subfield code="9">9783596298549</marc:subfield>
   </marc:datafield>
   <marc:datafield ind1=" " ind2=" " tag="041">
      <marc:subfield code="a">ger</marc:subfield>
   </marc:datafield>
   <marc:datafield ind1="1" ind2=" " tag="521">
      <marc:subfield code="a">12</marc:subfield>
   </marc:datafield>
   <marc:datafield ind1=" " ind2=" " tag="300">
      <marc:subfield code="a">350 Seiten</marc:subfield>
   </marc:datafield>
</marc:record>
